zpět

Detail výsledku týmu

Šalanda Assen, Ostrava

Datum a čas kvízu

46.5 Celkem bodů Celkový počet nahraných bodů na tomto kvízu bez doplňovacích otázek.
1. Pořadí na kvízu Konečné umístění týmu na tomto kvízu.

Zaznamenané odpovědi

# Otázka Odpověď Body Výsledky
1. Linka metra B v úseku Florenc... kotě (kočka) 0
2. Na nedávno odhalené bronzové s... Alžběta II., princ Filip 0.5
3. Slavná americká rocková kapela... Bon Jovi 1
4. Produkty jisté americké společ... Avon 1
5. Minulý týden se náš fotbal dos... v Ústí nad Labem 1
6. Může to být alergie, dieta, ne... lněná 0
7. Ve zdravých receptech se můžem... zoodles 1
8. Asi nepřekvapí, že ve stavu be... tortilly 1
9. Tento sirup, kterým lze sladit... z čekanky 1
10. Naprostým mistrem v nahrazován... hořčici 1